00463cam a22001931 4500001000800000005001700008008004100025010001700066035002000083040002000103041000800123042001200131080001200143082001600155100000700171101000800178245005300186504003000239798502520180103055640.0920514s1964 nyuach b 000 0 eng  a 64015591  a(OCoLC)25813280 aDLCcViKeSdDLC aeng apremarc a330.973 a330.973 ROB1 a16 aHIS10aHistory of the American economy.cRoberston, R.M aBibliography: p. 661-677.